000 00522nam a2200181Ia 4500
001 13224
005 20260306163038.0
008 260306t2008||||xx |||||||||||||| ||spa||
041 _aESP
082 _a001.42
_bC82
100 _aCortada de Kohan, Nuria
_eAUT
245 0 _aTécnicas de investigación científica:
_bcon aplicaciones en psicología, ciencias sociales y ciencias de la educación
260 _c2008
300 _a279 páginas :
_c28 cm.
650 _aGEN
654 _aCHU
942 _cLIB
_dJUS
_fJUS
_2ddc
_n
999 _c13224
_d13224